Industri kecil dan sederhana di Sarawak / (Record no. 1762)

000 -LEADER
fixed length control field nam a22 a 4500
003 - CONTROL NUMBER IDENTIFIER
control field AKMAL
005 - DATE AND TIME OF LATEST TRANSACTION
control field 20170511152806.0
008 - FIXED-LENGTH DATA ELEMENTS--GENERAL INFORMATION
fixed length control field 170511s1995 my 00 may d
020 ## - INTERNATIONAL STANDARD BOOK NUMBER
International Standard Book Number 9836244999 (kkt.):
Terms of availability RM 12.00
040 ## - CATALOGING SOURCE
Original cataloging agency AKMAL
082 ## - DEWEY DECIMAL CLASSIFICATION NUMBER
Classification number 338.642095959522 IBR
090 ## - LOCALLY ASSIGNED LC-TYPE CALL NUMBER (OCLC); LOCAL CALL NUMBER (RLIN)
Classification number (OCLC) (R) ; Classification number, CALL (RLIN) (NR) 338.642095959522
Local cutter number (OCLC) ; Book number/undivided call number, CALL (RLIN) IBR
100 ## - MAIN ENTRY--PERSONAL NAME
Personal name Ibrahim Abu Shah,
Titles and words associated with a name Dato' Seri,
Dates associated with a name 1948-
9 (RLIN) 3637
245 10 - TITLE STATEMENT
Title Industri kecil dan sederhana di Sarawak /
Statement of responsibility, etc. Ibrahim Abu Shah ; penterjemah oleh Shamsiah Md. Said, Norlida Abd. Halim
260 ## - PUBLICATION, DISTRIBUTION, ETC.
Place of publication, distribution, etc. Kuala Lumpur :
Name of publisher, distributor, etc. Dewan Bahasa dan Pustaka,
Date of publication, distribution, etc. 1995
300 ## - PHYSICAL DESCRIPTION
Extent xxvii, 228ms. :
Other physical details il. ;
Dimensions 21cm
504 ## - BIBLIOGRAPHY, ETC. NOTE
Bibliography, etc. note Bibliografi: ms. 227-228
650 ## - SUBJECT ADDED ENTRY--TOPICAL TERM
Topical term or geographic name entry element Small business
Geographic subdivision Sarawak
9 (RLIN) 3638
650 ## - SUBJECT ADDED ENTRY--TOPICAL TERM
Topical term or geographic name entry element Cottage industries
Geographic subdivision Sarawak
9 (RLIN) 3639
651 ## - SUBJECT ADDED ENTRY--GEOGRAPHIC NAME
Geographic name Sarawak
General subdivision Industries
9 (RLIN) 3640
700 0# - ADDED ENTRY--PERSONAL NAME
Personal name Shamsiah Md. Said
9 (RLIN) 3641
700 0# - ADDED ENTRY--PERSONAL NAME
Personal name Norlida Abdul Halim
9 (RLIN) 3642
942 ## - ADDED ENTRY ELEMENTS (KOHA)
Source of classification or shelving scheme
Koha item type Book
Holdings
Withdrawn status Lost status Source of classification or shelving scheme Damaged status Not for loan Collection code Home library Current library Shelving location Date acquired Inventory number Total Checkouts Full call number Barcode Date last seen Price effective from Koha item type
          NON-FICTION AKMAL Melaka AKMAL Melaka PINJAMAN 11.05.2017 002788   338.642095959522 IBR 201705680 11.05.2017 11.05.2017 Book
Pusat Sumber Maklumat Dato' Haji Sarmin Md Hussin, Akademi Kastam Diraja Malaysia, Melaka
Tel: 06-2331106 | Faks: 06-2313787